[Event "Donau op 28th"]
[Site "Aschach"]
[Date "2019.12.29"]
[Round "5"]
[White "Schreiner, Peter"]
[Black "Dobo, Gyula"]
[Result "1-0"]
[WhiteElo "2445"]
[BlackElo "2129"]
[PlyCount "77"]
[EventDate "2019.12.26"]
[EventType "swiss"]
[EventRounds "7"]
[EventCountry "AUT"]
[SourceTitle "CBM 194 Extra"]
[Source "ChessBase"]
[SourceDate "2020.03.31"]
[SourceVersion "1"]
[SourceVersionDate "2020.03.31"]
[SourceQuality "1"]

1. Nf3 d5 2. d4 Nf6 3. c4 c6 4. Qc2 e6 5. Nbd2 Nbd7 6. g3 b6 7. Bg2 Bb7 8. 0-0 Bd6 9. e4 Nxe4 10. Nxe4 dxe4 11. Qxe4 Nf6 12. Qc2 c5 13. Rd1 Qc7 14. Bg5 Ne4 15. d5 exd5 16. cxd5 f5 17. Be3 0-0 18. Nh4 g6 19. Nf3 Rae8 20. Bh6 Rf7 21. Ng5 Nxg5 22. Bxg5 f4 23. Re1 Qd7 24. Rxe8+ Qxe8 25. Qd2 Qf8 26. Re1 h6 27. Bxf4 Bxf4 28. gxf4 Rxf4 29. Qe3 Rd4 30. Qe6+ Qf7 31. Qd6 Ba6 32. h3 Bb5 33. Re7 Qf5 34. Qb8+ Qf8 35. Qe5 Rd1+ 36. Kh2 g5 37. Qe6+ Kh8 38. Rf7 Qb8+ 39. f4 1-0

[Event "Oberoesterreich-ch op"]
[Site "Haid/Ansfelden"]
[Date "2018.03.24"]
[Round "2"]
[White "Wadsack, Thomas"]
[Black "Dobo, Gyula"]
[Result "0-1"]
[WhiteElo "1885"]
[BlackElo "2132"]
[PlyCount "50"]
[EventDate "2018.03.23"]
[EventType "swiss"]
[EventRounds "9"]
[EventCountry "AUT"]
[SourceTitle "EXT 2021"]
[Source "ChessBase"]
[SourceDate "2020.10.23"]
[SourceVersion "1"]
[SourceVersionDate "2020.10.23"]
[SourceQuality "1"]

1. e4 c5 2. Nf3 a6 3. c3 d5 4. exd5 Qxd5 5. d4 Nf6 6. Be2 e6 7. 0-0 Be7 8. Ne5 cxd4 9. cxd4 0-0 10. Bf3 Qa5 11. Qb3 Nbd7 12. Bxb7 Bxb7 13. Nxd7 Bd5 14. Nxf6+ Bxf6 15. Bd2 Qc7 16. Qe3 Qb7 17. f3 Qxb2 18. Nc3 Rfd8 19. Rab1 Qc2 20. Rfc1 Qf5 21. Kh1 Bc4 22. Rb4 Bxd4 23. Qf4 Qd3 24. Rcb1 Bxc3 25. Bxc3 Bxa2 0-1

[Event "Donau op 25th"]
[Site "Aschach"]
[Date "2016.12.28"]
[Round "4"]
[White "Dobo, Gyula"]
[Black "Klek, Hanna Marie"]
[Result "0-1"]
[WhiteElo "2092"]
[BlackElo "2336"]
[PlyCount "52"]
[EventDate "2016.12.26"]
[EventType "swiss"]
[EventRounds "7"]
[EventCountry "AUT"]
[SourceTitle "CBM 176 Extra"]
[Source "ChessBase"]
[SourceDate "2017.03.02"]
[SourceVersion "1"]
[SourceVersionDate "2017.03.02"]
[SourceQuality "1"]

1. e4 e5 2. Nf3 Nc6 3. Bb5 a6 4. Ba4 Nf6 5. Bxc6 dxc6 6. d3 Nd7 7. Nbd2 Bd6 8. Nc4 0-0 9. 0-0 c5 10. a4 b6 11. Bg5 f6 12. Bd2 Nb8 13. Nh4 Nc6 14. Ne3 g6 15. Nd5 f5 16. Nf3 f4 17. c3 Rf7 18. b4 cxb4 19. cxb4 Bg4 20. Qc1 Bxf3 21. Qxc6 Qg5 22. Qxa8+ Kg7 23. g3 Qg4 24. Bxf4 exf4 25. Ra2 Qh3 26. Ne3 fxe3 0-1

[Event "Goch op 24th"]
[Site "Goch"]
[Date "2013.09.08"]
[Round "7"]
[White "Wiesebach, Wolfgang"]
[Black "Dobo, Gyula"]
[Result "1/2-1/2"]
[WhiteElo "1930"]
[BlackElo "2095"]
[PlyCount "41"]
[EventDate "2013.09.05"]
[EventType "swiss"]
[EventRounds "7"]
[EventCountry "GER"]
[SourceTitle "EXT 2015"]
[Source "ChessBase"]
[SourceDate "2014.11.20"]
[SourceVersion "1"]
[SourceVersionDate "2014.11.20"]
[SourceQuality "1"]

1. d4 Nf6 2. Bf4 e6 3. e3 c5 4. c3 b6 5. Nd2 Bb7 6. Ngf3 Be7 7. h3 0-0 8. Be2 d6 9. 0-0 Nbd7 10. Qb3 e5 11. Bh2 cxd4 12. exd4 e4 13. Ne1 d5 14. Nc2 Nb8 15. Ne3 g6 16. f3 Ba6 17. Rae1 Bxe2 18. Rxe2 Nc6 19. fxe4 dxe4 20. Qc2 Rc8 21. Qb1 1/2-1/2

[Event "Goch op 24th"]
[Site "Goch"]
[Date "2013.09.06"]
[Round "2"]
[White "Hoffmann, Michael4444"]
[Black "Dobo, Gyula"]
[Result "1/2-1/2"]
[WhiteElo "1702"]
[BlackElo "2095"]
[PlyCount "118"]
[EventDate "2013.09.05"]
[EventType "swiss"]
[EventRounds "7"]
[EventCountry "GER"]
[SourceTitle "EXT 2015"]
[Source "ChessBase"]
[SourceDate "2014.11.20"]
[SourceVersion "1"]
[SourceVersionDate "2014.11.20"]
[SourceQuality "1"]

1. d4 Nf6 2. c4 g6 3. Nc3 d5 4. cxd5 Nxd5 5. Bd2 Bg7 6. e4 Nxc3 7. Bxc3 0-0 8. Nf3 c5 9. d5 Bxc3+ 10. bxc3 Qa5 11. Qd2 b5 12. c4 Qa4 13. cxb5 Qxe4+ 14. Be2 Bb7 15. 0-0 Qxd5 16. Qf4 Qe4 17. Qxe4 Bxe4 18. Ng5 Bd5 19. Rfd1 e6 20. Bf3 Rd8 21. Rac1 h6 22. Ne4 Nd7 23. Nxc5 Bxf3 24. gxf3 Nb6 25. Nb7 Rxd1+ 26. Rxd1 Nd5 27. Rc1 a6 28. a4 axb5 29. axb5 Kf8 30. Nc5 Ke8 31. Na6 Kd8 32. Rc6 Rc8 33. Rxc8+ Kxc8 34. Nc5 Nb6 35. Kf1 Kc7 36. Ke2 Kd6 37. Nb7+ Kc7 38. Nc5 Nc4 39. Kd3 Nd6 40. Kd4 Nxb5+ 41. Ke5 Kd8 42. Nxe6+ fxe6 43. Kxe6 Nd4+ 44. Kf6 g5 45. Kg6 Nxf3 46. Kxh6 Ke7 47. Kh5 Kf6 48. Kg4 Nxh2+ 49. Kg3 Nf1+ 50. Kg4 Kg6 51. f4 Ne3+ 52. Kf3 g4+ 53. Kxe3 Kf5 54. Ke2 Kxf4 55. Kf2 g3+ 56. Kg2 Kg4 57. Kg1 Kg5 58. Kf1 Kh4 59. Kg2 Kg4 1/2-1/2

[Event "HUN-chT2 Asztalos 1213"]
[Site "Hungary"]
[Date "2012.10.07"]
[Round "2.2"]
[White "Dobo, Gyula"]
[Black "Babits, Andras"]
[Result "0-1"]
[WhiteElo "2087"]
[BlackElo "2120"]
[PlyCount "114"]
[EventDate "2012.09.16"]
[EventType "team-tourn"]
[EventRounds "9"]
[EventCountry "HUN"]
[SourceTitle "EXT 2014"]
[Source "ChessBase"]
[SourceDate "2013.11.20"]
[SourceVersion "1"]
[SourceVersionDate "2013.11.20"]
[SourceQuality "1"]
[WhiteTeam "Szentlorinc"]
[BlackTeam "Marcali"]
[WhiteTeamCountry "HUN"]
[BlackTeamCountry "HUN"]

1. e4 e5 2. Nf3 Nc6 3. Bb5 a6 4. Ba4 Bb4 5. c3 Ba5 6. Bxc6 dxc6 7. 0-0 Bg4 8. h3 h5 9. Na3 b5 10. b4 Bb6 11. Qe2 Qf6 12. Bb2 Ne7 13. d4 Ng6 14. Qe3 Bxf3 15. Qxf3 Qxf3 16. gxf3 Nh4 17. Nc2 Nxf3+ 18. Kg2 Nd2 19. Rfd1 Nc4 20. Bc1 exd4 21. cxd4 0-0-0 22. a4 Rhe8 23. f3 f5 24. axb5 cxb5 25. Bg5 Rd7 26. e5 Kb7 27. Kg3 c6 28. Kh4 g6 29. Bf6 a5 30. bxa5 Bxa5 31. Kg5 Bc3 32. Rab1 Rg8 33. e6 Rd6 34. d5 Bd2+ 35. Rxd2 Nxd2 36. dxc6+ Kxc6 37. Rc1 Nc4 38. Nd4+ Kb6 39. Rb1 Rd5 40. e7 Nd6 41. Ne6 f4+ 42. Kh6 Nf5+ 43. Kh7 Nxe7 44. Bxe7 Re8 45. Nxf4 Rxe7+ 46. Kxg6 Rd4 47. Nxh5 Re3 48. f4 Rxh3 49. Nf6 Kc5 50. f5 Rg3+ 51. Kf7 Rf3 52. Ke6 b4 53. Ng8 Re4+ 54. Kf6 Ref4 55. Ne7 b3 56. Ke5 Kc4 57. Kf6 Rf1 0-1

[Event "HUN-chT2 Asztalos 1112"]
[Site "Hungary"]
[Date "2012.05.06"]
[Round "10.6"]
[White "Dobo, Gyula"]
[Black "Kota, Istvan"]
[Result "1/2-1/2"]
[WhiteElo "1982"]
[BlackElo "2004"]
[PlyCount "128"]
[EventDate "2011.09.25"]
[EventType "team-tourn"]
[EventRounds "11"]
[EventCountry "HUN"]
[SourceTitle "EXT 2013"]
[Source "ChessBase"]
[SourceDate "2012.11.22"]
[SourceVersion "1"]
[SourceVersionDate "2012.11.22"]
[SourceQuality "1"]
[WhiteTeam "Szentlorinc"]
[BlackTeam "Marcali"]
[WhiteTeamCountry "HUN"]
[BlackTeamCountry "HUN"]

1. c4 f5 2. Nf3 Nf6 3. g3 g6 4. Bg2 d6 5. d4 Bg7 6. Nc3 0-0 7. 0-0 Qe8 8. d5 a5 9. Re1 e5 10. dxe6 Qxe6 11. Nd5 Na6 12. Ng5 Qe8 13. e4 Nxd5 14. Qxd5+ Kh8 15. Bd2 Qd7 16. Qxa5 b6 17. Qb5 c6 18. Qxb6 Rb8 19. Qe3 h6 20. Nf3 Rxb2 21. Bc3 f4 22. Bxg7+ Qxg7 23. gxf4 Rc2 24. Qd4 Qxd4 25. Nxd4 Rxc4 26. Ne2 Nb4 27. Red1 Rc2 28. a3 Rxe2 29. axb4 Rxf4 30. Rxd6 Rfxf2 31. Rd8+ Kg7 32. Bf1 Bg4 33. Bxe2 Rxe2 34. Rd6 Rxe4 35. Ra7+ Kf8 36. Rxg6 Rxb4 37. Rxh6 Kg8 38. Rxc6 Bf5 39. Rcc7 Rb8 40. Kf2 Rf8 41. Rg7+ Kh8 42. Rgf7 Kg8 43. Rxf8+ Kxf8 44. Kg3 Kg8 45. Kf4 Bc2 46. Kg5 Kh8 47. Kh6 Kg8 48. Rg7+ Kh8 49. Rc7 Bf5 50. Re7 Kg8 51. h4 Bd3 52. Re8+ Kf7 53. Re3 Bc2 54. h5 Bb1 55. Rg3 Kf8 56. Rb3 Be4 57. Kg5 Kg7 58. h6+ Kh7 59. Re3 Bc2 60. Kf6 Bb1 61. Re7+ Kh8 62. Rg7 Bd3 63. Rg4 Kh7 64. Rg7+ Kh8 1/2-1/2

[Event "HUN-chT2 Asztalos 1112"]
[Site "Hungary"]
[Date "2012.02.19"]
[Round "6.5"]
[White "Weisz, Tamas"]
[Black "Dobo, Gyula"]
[Result "1/2-1/2"]
[WhiteElo "1954"]
[BlackElo "1982"]
[PlyCount "74"]
[EventDate "2011.09.25"]
[EventType "team-tourn"]
[EventRounds "11"]
[EventCountry "HUN"]
[SourceTitle "EXT 2013"]
[Source "ChessBase"]
[SourceDate "2012.11.22"]
[SourceVersion "1"]
[SourceVersionDate "2012.11.22"]
[SourceQuality "1"]
[WhiteTeam "Kaposvar Bastya"]
[BlackTeam "Szentlorinc"]
[WhiteTeamCountry "HUN"]
[BlackTeamCountry "HUN"]

1. d4 Nf6 2. c4 g6 3. Nc3 Bg7 4. e4 d6 5. f4 c5 6. d5 0-0 7. Nf3 e6 8. Bd3 Na6 9. a3 exd5 10. cxd5 Re8 11. Qc2 c4 12. Be2 Nc5 13. Nd2 Nb3 14. Nxb3 cxb3 15. Qd3 Nxe4 16. Nxe4 Bf5 17. Bf3 Bxe4 18. Bxe4 f5 19. 0-0 Rxe4 20. Qxb3 Bd4+ 21. Kh1 Qe7 22. Bd2 Re8 23. Rab1 Re2 24. Qd3 Qe4 25. Qxe4 R8xe4 26. Bb4 Bxb2 27. Bxd6 Rd2 28. Rfd1 Red4 29. Rxd2 Rxd2 30. g3 b6 31. Bb4 Re2 32. d6 Bf6 33. Rc1 a5 34. Bc3 Bxc3 35. Rxc3 Rd2 36. Rc6 b5 37. Rb6 b4 1/2-1/2

[Event "HUN-chT2 Asztalos 1112"]
[Site "Hungary"]
[Date "2011.10.30"]
[Round "2.5"]
[White "Forgacs, Laszlo"]
[Black "Dobo, Gyula"]
[Result "0-1"]
[WhiteElo "1592"]
[BlackElo "1982"]
[PlyCount "62"]
[EventDate "2011.09.25"]
[EventType "team-tourn"]
[EventRounds "11"]
[EventCountry "HUN"]
[SourceTitle "EXT 2013"]
[Source "ChessBase"]
[SourceDate "2012.11.22"]
[SourceVersion "1"]
[SourceVersionDate "2012.11.22"]
[SourceQuality "1"]
[WhiteTeam "Mohacs"]
[BlackTeam "Szentlorinc"]
[WhiteTeamCountry "HUN"]
[BlackTeamCountry "HUN"]

1. e4 c5 2. Nf3 Nc6 3. d4 cxd4 4. Nxd4 g6 5. Be3 Bg7 6. Nc3 Nf6 7. Bc4 d6 8. f3 Bd7 9. Qd2 Rc8 10. Bb3 0-0 11. 0-0-0 Ne5 12. Bh6 Qa5 13. Bxg7 Kxg7 14. g4 Nc4 15. Qd3 b5 16. h4 b4 17. Nd5 Nxd5 18. exd5 Qc5 19. h5 a5 20. hxg6 hxg6 21. Bxc4 Qxc4 22. Qe3 Rh8 23. Rxh8 Rxh8 24. Qxe7 Qxa2 25. Qxd7 Rh2 26. Ne6+ Kh6 27. g5+ Kh5 28. Ng7+ Kxg5 29. Qg4+ Kf6 30. Ne8+ Ke7 31. Re1+ Kf8 0-1

[Event "HUN-chT2 Asztalos 1011"]
[Site "Hungary"]
[Date "2010.11.21"]
[Round "6.2"]
[White "Dobo, Gyula"]
[Black "Akots, Gabor"]
[Result "1/2-1/2"]
[WhiteElo "1951"]
[BlackElo "2250"]
[PlyCount "105"]
[EventDate "2010.09.12"]
[EventType "team-tourn"]
[EventRounds "11"]
[EventCountry "HUN"]
[SourceTitle "EXT 2012"]
[Source "ChessBase"]
[SourceDate "2011.11.24"]
[SourceVersion "1"]
[SourceVersionDate "2011.11.24"]
[SourceQuality "1"]
[WhiteTeam "Pannonpower II"]
[BlackTeam "Szekesfehervar"]
[WhiteTeamCountry "HUN"]
[BlackTeamCountry "HUN"]

1. d4 d5 2. c4 dxc4 3. Nf3 a6 4. g3 b5 5. Bg2 Bb7 6. a4 e6 7. Bg5 Nf6 8. 0-0 Nbd7 9. b3 cxb3 10. Qxb3 b4 11. Nbd2 Be7 12. Nc4 a5 13. Rfd1 h6 14. Bf4 Nd5 15. Nfe5 N7f6 16. Rac1 0-0 17. Ne3 Nxf4 18. gxf4 Bxg2 19. Kxg2 Ne4 20. d5 exd5 21. Nxd5 Bd6 22. Nxc7 Rc8 23. Ne6 Qh4 24. Nxf8 Qxf2+ 25. Kh1 Rxf8 26. e3 Bxe5 27. fxe5 Qf3+ 28. Kg1 Ng5 29. h4 Qg3+ 30. Kf1 Nh3 31. Qc2 Qg1+ 32. Ke2 Qg2+ 33. Ke1 Qg1+ 34. Ke2 Qf2+ 35. Kd3 Rd8+ 36. Ke4 Qxh4+ 37. Kf3 Ng5+ 38. Ke2 Qg4+ 39. Kf1 Qf3+ 40. Kg1 Qxe3+ 41. Kh2 Rxd1 42. Qxd1 Qxe5+ 43. Kg2 Qe4+ 44. Kf1 Qf4+ 45. Kg2 Ne4 46. Qc2 b3 47. Qc8+ Kh7 48. Rf1 Qg3+ 49. Kh1 Nf2+ 50. Rxf2 Qxf2 51. Qh8+ Kg6 52. Qxh6+ Kf5 53. Qf6+ 1/2-1/2

[Event "HUN-chT2 Asztalos 1011"]
[Site "Hungary"]
[Date "2010.11.07"]
[Round "5.4"]
[White "Balint, Richard"]
[Black "Dobo, Gyula"]
[Result "1/2-1/2"]
[WhiteElo "1990"]
[BlackElo "1951"]
[PlyCount "81"]
[EventDate "2010.09.12"]
[EventType "team-tourn"]
[EventRounds "11"]
[EventCountry "HUN"]
[SourceTitle "EXT 2012"]
[Source "ChessBase"]
[SourceDate "2011.11.24"]
[SourceVersion "1"]
[SourceVersionDate "2011.11.24"]
[SourceQuality "1"]
[WhiteTeam "Baja"]
[BlackTeam "Pannonpower II"]
[WhiteTeamCountry "HUN"]
[BlackTeamCountry "HUN"]

1. e4 e5 2. f4 exf4 3. Nf3 d5 4. e5 Nc6 5. d4 g5 6. h3 Bg7 7. Bd3 Nb4 8. Be2 Bf5 9. Na3 h6 10. c3 Nc6 11. Bd3 Nge7 12. h4 Bxd3 13. Qxd3 Ng6 14. Bd2 Qe7 15. 0-0-0 0-0-0 16. hxg5 hxg5 17. Qf5+ Qe6 18. Qxe6+ fxe6 19. Nxg5 Kd7 20. Nc2 Nce7 21. Nb4 Nf5 22. Nd3 Ng3 23. Rhe1 Rh2 24. Nc5+ Kc8 25. Ncxe6 Rg8 26. Nxf4 Nxf4 27. Bxf4 Rxg2 28. Rd2 Rxd2 29. Kxd2 Bh6 30. Ne6 Rg6 31. Kd3 Rxe6 32. Bxg3 Rg6 33. Bh4 Kd7 34. Re2 Rg4 35. Bf6 Rg3+ 36. Kc2 Bf4 37. e6+ Ke8 38. Rf2 Bd6 39. Rf5 Re3 40. Be5 Ke7 41. Bxd6+ 1/2-1/2

[Event "Pecs Karmin Cup 3rd"]
[Site "Pecs"]
[Date "2010.06.21"]
[Round "4"]
[White "Dobo, Gyula"]
[Black "Talaber, Istvan"]
[Result "1/2-1/2"]
[WhiteElo "1945"]
[BlackElo "1883"]
[PlyCount "96"]
[EventDate "2010.06.18"]
[EventType "swiss"]
[EventRounds "9"]
[EventCountry "HUN"]
[SourceTitle "CBM 137 Extra"]
[Source "ChessBase"]
[SourceDate "2010.09.01"]
[SourceVersion "1"]
[SourceVersionDate "2010.09.01"]
[SourceQuality "1"]

1. d4 Nf6 2. c4 g6 3. Nc3 Bg7 4. e4 d6 5. Be3 0-0 6. f3 a5 7. Qd2 Nbd7 8. 0-0-0 Ne8 9. Bh6 e5 10. Bxg7 Kxg7 11. g4 exd4 12. Qxd4+ Qf6 13. Nge2 a4 14. g5 Qxd4 15. Nxd4 Nc5 16. h4 f5 17. Bh3 fxe4 18. Bxc8 Rxc8 19. fxe4 c6 20. Rhf1 Nc7 21. Nf3 Rcd8 22. e5 dxe5 23. Rxd8 Rxd8 24. Nxe5 Rf8 25. Rxf8 Kxf8 26. Kc2 N7e6 27. Ne2 Ke7 28. b4 axb3+ 29. axb3 Nd7 30. Ng4 Ng7 31. Ng3 Ke6 32. Ne2 Nf5 33. Nf4+ Ke7 34. h5 gxh5 35. Nxh5 Nd4+ 36. Kc3 Nf3 37. Ngf6 Nxg5 38. Nxd7 Kxd7 39. Kd4 b6 40. Ke5 Ke7 41. Kf5 Ne6 42. Ke5 Nc5 43. Nf6 Nxb3 44. Nxh7 Na5 45. Kd4 Kd6 46. Nf6 Nb3+ 47. Kc3 Nc5 48. Kd4 Ke7 1/2-1/2